| 000 | 00680nam a2200229 a 4500 | ||
|---|---|---|---|
| 008 | |||
| 020 | _a074833579X (pbk. ) | ||
| 049 | _aMAIN | ||
| 090 | _aT58.6 CHA | ||
| 100 | 1 | _aChartered Institute of Management Accountants. | |
| 245 | 1 | 0 |
_aBusines environment and information technology : _bstage 1/ _cCIMA. |
| 260 |
_aMiddlesex : _bFoulks Lynch, _c1997. |
||
| 300 |
_axii, 172 p. : _c30 cm. |
||
| 440 | _aCIMA examination kit. | ||
| 500 | _aIncludes index. | ||
| 650 | 1 | _aManagement accounting. | |
| 907 |
_a.b10241814 _b14-05-07 _c02-05-07 |
||
| 003 | |||
| 005 | 20230123134436.0 | ||
| 040 | _cNUST | ||
| 942 |
_cBOOKS _kT58.6 CHA |
||
| 999 |
_c165988 _d165988 |
||